Oasis Members - Statistics

General Stats
  • This quiz has been taken 607 times
  • The average score is 7 of 10
Answer Stats
Hint Answer % Correct
Vocals/Tamborine Liam Gallagher
100%
Vocals/Guitars Noel Gallagher
99%
Guitars Paul "Bonehead" Arthurs
91%
Bass Paul "Guigsy" McGuigan
72%
Guitars Gem Archer
64%
Drums Alan White
60%
Bass Andy Bell
58%
Drums Tony McCarroll
53%
Drums Zak Starkey
43%
Drums Chris Sharrock
27%
No matching quizzes found
Score Distribution
Percent of People with Each Score
Percentile by Number Answered
Your Score History
You have not taken this quiz